000 00206 a2200097 4500
001 26084
100 _aElliot S H M
245 _aMemoirs of Jehangir
260 _a
_bIslamic Book
_c
090 _c17646
_d17646
942 _aNUST-CAE
_cM
_c8498
999 _c261157
_d261157